• 首页
  • 本馆介绍
  • 公告通知
  • 最新文献
  • 馆藏检索
  • 电子资源
  • 读者导购
  • 参考咨询
  • 我的图书馆
  • 登录
  • 详细信息显示
  • 放入我的书架
  • 预约/预借图书
  • 作者相关作品
  • 分类相关作品
  • 丛书相关作品
  • 出版社相关作品

书目信息

  • 表格格式
  • 工作单格式
  • 卡片格式
题名:
保险资金投资管理教程
    
 
作者: 徐高林 编著
分册:  
出版信息: 北京   北京大学出版社  2008
页数: 347页
开本: 23cm
丛书名:
单 册:
中图分类: F840.32
科图分类:
主题词: 保险公司--投资--资金管理--教材 , 保险公司 , 投资 , 资金管理
电子资源:
ISBN: 978-7-301-13804-5
000 01015nam0 2200289 45
001 1034508890
005 20100319083833.73
010    @a978-7-301-13804-5@dCNY39.00
100    @a20100311d2008 em y0chiy50 ea
101 0  @achi
102    @aCN@b110000
105    @ay z 000yy
106    @ar
200 1  @a保险资金投资管理教程@ABao Xian Zi Jin Tou Zi Guan Li Jiao Cheng@dInsurance company investments@f徐高林编著@FXu Gao Lin Bian Zhu@zeng
210    @a北京@c北京大学出版社@d2008
215    @a347页@d23cm
300    @a21世纪经济与管理规划教材·保险学系列
330    @a本书从保险资金来源特性及其对应的投资原理,各种金融工具投资实务,监管规则和历史数据实证分析四个角度,全方位讲解了保险资金的投资管理问题。
510 1  @aInsurance company investments@zeng
606 0  @a保险公司@x投资@x资金管理@j教材
606 0  @a保险公司
606 0  @a投资
606 0  @a资金管理
690    @aF840.32@v4
701  0 @a徐高林@AXu Gao Lin@4编著
801  0 @aCN@bTANGWEI@c20100319
905    @b0585756-58@dF840.32@e55@f3
    
    保险资金投资管理教程=Insurance company investments/徐高林编著.-北京:北京大学出版社,2008
    347页;23cm
    21世纪经济与管理规划教材·保险学系列
    
    ISBN 978-7-301-13804-5:CNY39.00
    本书从保险资金来源特性及其对应的投资原理,各种金融工具投资实务,监管规则和历史数据实证分析四个角度,全方位讲解了保险资金的投资管理问题。
●
相关链接 在E读中查询图书 在五车中查询图书 在当当中查询图书 在豆瓣中查询图书


正题名:保险资金投资管理教程     索取号:F840.32/55         预约/预借

序号 登录号 条形码 馆藏地/架位号 状态 备注
1 0585756   205857562   第一样本阅览室/ [索取号:F840.32/55] 在馆    
2 0585757   205857571   密集书库-海洋学院/ [索取号:F840.32/55] 在馆    
3 0585758   205857580   第一借阅区/ [索取号:F840.32/55] 在馆    
唐山师范学院图书馆 欢迎您!
大连网信软件有限公司© 版权所有